00575nam a22001817a 450000500170000001000150001702000260003203500140005803700130007208200120008510000180009724501000011526000480021527000650026330000230032850000220035170000200037320180803112325.0 aEng-123804 a9789386224781c299.00 aEN-107336 bDBAD/PUB a796.358 aBhogle, Anita aThe winning way 2.0 :cby Anita Bhogle [and] Harsha Bhogleblearnings from sport for managers / aNew DelhibWestland Publications Ltd.c2017 a93, Ist Floor, Sham Lal Road, Daryaganj, bNew Delhie110002 a278p.c21cm. (pbk) aIt includes notes a Bhogle, Harsha